00210nam a2200097Ia 4500008004100000100001400041245001500055260001800070942000700088999001700095190216s9999||||xx |||||||||||||| ||und|| aKanam E J 0aPriyathama bCurrent Books cBK c23692d23692